Fantasy, Myth and the Measure of Truth: Tales of Pullman, Lewis, Tolkien, MacDonald and Hoffman (Record no. 1285)
[ view plain ]
| 000 -LEADER | |
|---|---|
| fixed length control field | 00813nam a2200217Ii 4500 |
| 003 - CONTROL NUMBER IDENTIFIER | |
| control field | JO-AjNU |
| 008 - FIXED-LENGTH DATA ELEMENTS--GENERAL INFORMATION | |
| fixed length control field | 230606s9999||||xx |||||||||||||| ||und|| |
| 020 ## - INTERNATIONAL STANDARD BOOK NUMBER | |
| International Standard Book Number | 978-0-230-00505-1 , 978-0-230-27285-9 |
| 040 ## - CATALOGING SOURCE | |
| Original cataloging agency | JO-AjNU |
| Language of cataloging | eng |
| Description conventions | rda |
| Transcribing agency | JO-AjNU |
| 041 ## - LANGUAGE CODE | |
| Language code of text/sound track or separate title | eng |
| 050 14 - LIBRARY OF CONGRESS CALL NUMBER | |
| Classification number | PR830.F3.F73 2010 |
| 100 3# - MAIN ENTRY--PERSONAL NAME | |
| Personal name | Cray, William, |
| Relator term | author |
| 9 (RLIN) | 2454 |
| 245 00 - TITLE STATEMENT | |
| Title | Fantasy, Myth and the Measure of Truth: Tales of Pullman, Lewis, Tolkien, MacDonald and Hoffman |
| 250 ## - EDITION STATEMENT | |
| Edition statement | 1 ed |
| 264 31 - PRODUCTION, PUBLICATION, DISTRIBUTION, MANUFACTURE, AND COPYRIGHT NOTICE | |
| Place of production, publication, distribution, manufacture | London: PALGRAVE MACMILLAN, 2010 |
| 300 ## - PHYSICAL DESCRIPTION | |
| Extent | 215P |
| 336 ## - CONTENT TYPE | |
| Content type term | text |
| Content type code | txt |
| Source | rdacontent |
| 337 ## - MEDIA TYPE | |
| Media type term | unmediated |
| Media type code | n |
| Source | rdamedia |
| 338 ## - CARRIER TYPE | |
| Carrier type term | volume |
| Carrier type code | nc |
| Source | rdacarrier |
| 650 #4 - SUBJECT ADDED ENTRY--TOPICAL TERM | |
| Topical term or geographic name entry element | Fantasy fiction - English - History and Criticism - Literature and myth - Pullman - Philip - Criticism and interpretation - Lewis - Tolkien |
| 9 (RLIN) | 2455 |
| Withdrawn status | Lost status | Source of classification or shelving scheme | Damaged status | Not for loan | Home library | Current library | Shelving location | Date acquired | Total Checkouts | Full call number | Barcode | Date last seen | Price effective from | Koha item type |
|---|---|---|---|---|---|---|---|---|---|---|---|---|---|---|
| Library of Congress Classification | مكتبة جامعة عجلون الوطنية | مكتبة جامعة عجلون الوطنية | المجموعات العامة | 06/06/2023 | PR830.F3.F73 2010 | E1285 | 06/06/2023 | 06/06/2023 | Books |